[Event "Paris Immopar (1/8) Tie-break"]
[Site "?"]
[Date "1992.??.??"]
[Round "?"]
[White "Karpov, An"]
[Black "Bareiev, E."]
[Result "0-1"]
[WhiteElo "2715"]
[BlackElo "2670"]
[PlyCount "66"]
[EventDate "1992.??.??"]
[Source "www.chesslib.no"]
[SourceDate "2004.05.04"]

1. d4 Nf6 2. c4 e6 3. Nf3 b6 4. Bf4 Bb7 5. e3 Be7 6. Nc3 Nh5 7. Bg3 O-O 8. Qc2 d6 9. Be2 g6 10. d5 e5 11. Nd2 Nxg3 12. hxg3 Nd7 13. O-O-O Kg7 14. g4 a6 15. g3 c6 16. Bf3 Rc8 17. dxc6 Bxc6 18. Bxc6 Rxc6 19. Qe4 Qc8 20. Kb1 Nf6 21. Qg2 Nxg4 22. Nd5 Bd8 23. Ne4 f5 24. Nec3 Rxc4 25. f3 Nf6 26. Nxf6 Bxf6 27. Rxd6 e4 28. Nd5 Rc6 29. Rxc6 Qxc6 30. fxe4 Qe6 31. exf5 Qxf5+ 32. e4 Qe5 33. a3 Re8 0-1

[Event "Zlatibor"]
[Site "?"]
[Date "2006.08.30"]
[Round "5"]
[White "Georgiev Kiril"]
[Black "Iordachescu Viorel"]
[Result "1/2-1/2"]
[WhiteElo "2685"]
[BlackElo "2603"]
[PlyCount "51"]
[EventDate "2006.??.??"]
[Source "www.chesslib.no"]
[SourceDate "2004.05.04"]

1. d4 Nf6 2. c4 e6 3. Nf3 b6 4. Bf4 Bb7 5. e3 Be7 6. h3 c5 7. dxc5 bxc5 8. Nc3 O-O 9. Be2 d6 10. O-O Qb6 11. Qc2 Nc6 12. Rfd1 Rfd8 13. a3 Rd7 14. Rd2 Rad8 15. Rad1 a6 16. Ng5 h6 17. Nge4 Nxe4 18. Nxe4 Na5 19. b4 cxb4 20. c5 b3 21. Qc3 Qc6 22. Qxa5 Qxe4 23. Bf3 Qc4 24. Be2 Qe4 25. Bf3 Qc4 26. Be2 1/2-1/2

[Event "ADCF Masters"]
[Site "Abu Dhabi"]
[Date "2003.08.20"]
[Round "5"]
[White "Neverov, Valeriy"]
[Black "Yemelin, Vasily"]
[Result "1/2-1/2"]
[WhiteElo "2566"]
[BlackElo "2550"]
[PlyCount "156"]
[EventDate "2003.08.16"]
[Source "Roberto Alvarez"]
[SourceDate "2003.09.01"]

1. d4 Nf6 2. c4 e6 3. Nf3 b6 4. Bf4 Bb7 5. Nc3 Bb4 6. Qb3 c5 7. a3 Bxc3+ 8. Qxc3 O-O 9. e3 d5 10. dxc5 bxc5 11. Rd1 Nbd7 12. Bd3 d4 13. Qc2 Bxf3 14. gxf3 e5 15. Bg3 Qb6 16. O-O Rfe8 17. Rfe1 a5 18. Re2 Qc6 19. Kg2 Nf8 20. Rde1 Rad8 21. exd4 exd4 22. Rxe8 Nxe8 23. Qb3 Nd6 24. Re5 Nd7 25. Rd5 a4 26. Qc2 Nf6 27. Re5 h6 28. b4 axb3 29. Qxb3 Nd7 30. Rd5 Nb6 31. Rxd6 Rxd6 32. Bxd6 Qxd6 33. a4 Nd7 34. a5 g6 35. Qa4 Nb8 36. Qb5 Na6 37. Be4 Nb4 38. Qb6 Qxb6 39. axb6 Kf8 40. b7 Na6 41. Kg3 Ke7 42. Kf4 f5 43. Bc2 Kd6 44. h4 Kc7 45. h5 gxh5 46. Kxf5 Nb4 47. Bd1 Nd3 48. f4 h4 49. Bf3 Ne1 50. Bc6 h3 51. Kg4 Nd3 52. Kxh3 Nxf4+ 53. Kg4 Ng6 54. f4 d3 55. Bf3 d2 56. Kg3 Ne7 57. Kf2 Nf5 58. Bd1 Nd6 59. Ke2 Nxc4 60. Bb3 Na5 61. Bd5 Nxb7 62. Kxd2 Nd6 63. Ke3 Kd7 64. Kf3 Ke7 65. Kg4 Kf6 66. Kh5 Kg7 67. Kg4 Kg6 68. Ba2 c4 69. Bb1+ Kf6 70. Kf3 h5 71. Kg3 Nf5+ 72. Kf3 c3 73. Ke4 h4 74. Kf3 h3 75. Kf2 Ke6 76. Kf3 Kf6 77. Kf2 Ke6 78. Kf3 c2 1/2-1/2

[Event "ISL-ch"]
[Site "Reykjavik"]
[Date "1999.09.10"]
[Round "10"]
[White "Gretarsson, Helgi Ass"]
[Black "Stefansson, Hannes"]
[Result "1/2-1/2"]
[WhiteElo "2521"]
[BlackElo "2584"]
[PlyCount "140"]
[EventDate "1999.08.31"]
[Source "www.chesslib.no"]
[SourceDate "2004.05.04"]

1. d4 Nf6 2. c4 e6 3. Nf3 b6 4. Bf4 Bb7 5. e3 Be7 6. h3 c5 7. dxc5 bxc5 8. Be2 Qb6 9. Nc3 O-O 10. O-O Na6 11. Qb3 d6 12. Rfd1 Rfd8 13. Rd2 Qxb3 14. axb3 Nc7 15. Bd3 h6 16. Bc2 Na6 17. Rad1 Nb4 18. Bb1 d5 19. cxd5 exd5 20. Ne5 a5 21. Na4 Ba6 22. Nd3 c4 23. bxc4 dxc4 24. Ndc5 Rxd2 25. Rxd2 Bb5 26. Nc3 Bc6 27. N5a4 Rd8 28. Rxd8+ Bxd8 29. Kf1 Nd3 30. Bd6 Nd5 31. Nxd5 Bxd5 32. f3 Bc6 33. Bxd3 cxd3 34. Nc3 Bb6 35. Kf2 f6 36. h4 g5 37. hxg5 hxg5 38. Bh2 Bc5 39. Bc7 a4 40. Ba5 Kf7 41. g4 Ke6 42. Nb1 f5 43. gxf5+ Kxf5 44. Nd2 g4 45. fxg4+ Kxg4 46. Nc4 Be4 47. Ne5+ Kf5 48. Nc4 Bd5 49. Nd2 Be7 50. Bc3 Bh4+ 51. Kf1 Kg4 52. Be5 Bf3 53. Kg1 Bd1 54. Kg2 Be1 55. Bc3 Be2 56. Bb4 Kf5 57. Bc3 Ke6 58. Kg1 Kd5 59. e4+ Ke6 60. Kg2 Kf7 61. Nb1 Bxc3 62. Nxc3 d2 63. Kf2 d1=Q 64. Nxd1 Bxd1 65. Ke3 Ke6 66. Kd2 Bb3 67. Kc3 Ba2 68. Kc2 Ke5 69. b4 axb3+ 70. Kb2 Kxe4 1/2-1/2

[Event "Open"]
[Site "Philadelphia open"]
[Date "1979.??.??"]
[Round "?"]
[White "Miles, Anthony J"]
[Black "Gheorghiu, Florin"]
[Result "1/2-1/2"]
[WhiteElo "2560"]
[BlackElo "2540"]
[PlyCount "62"]
[EventDate "1979.??.??"]
[Source "www.chesslib.no"]
[SourceDate "2004.05.04"]

1. d4 Nf6 2. c4 e6 3. Nf3 b6 4. Bf4 Bb7 5. e3 Be7 6. h3 c5 7. Nc3 cxd4 8. Nxd4 a6 9. Be2 d6 10. Nf3 O-O 11. O-O Qc7 12. Rc1 Nbd7 13. b4 Rac8 14. Qb3 Qb8 15. Rfd1 Rfd8 16. Nd4 h6 17. Bg3 Qa8 18. f3 d5 19. cxd5 Nxd5 20. e4 Nxc3 21. Rxc3 Rxc3 22. Qxc3 Rc8 23. Qb3 Nf8 24. Kh1 Kh8 25. a3 Bf6 26. Bf1 Ng6 27. Ne2 Bc6 28. Qe3 Qb7 29. Bf2 b5 30. Nd4 Ne5 31. Nxc6 Qxc6 1/2-1/2

[Event "ch-SU"]
[Site "Minsk ch-SU"]
[Date "1979.??.??"]
[Round "4"]
[White "Georgadze, Tamaz V"]
[Black "Romanishin, Oleg M"]
[Result "0-1"]
[WhiteElo "2535"]
[BlackElo "2560"]
[PlyCount "103"]
[EventDate "1979.??.??"]
[Source "www.chesslib.no"]
[SourceDate "2004.05.04"]

1. d4 Nf6 2. c4 e6 3. Nf3 b6 4. Bf4 Bb7 5. e3 Bb4+ 6. Nfd2 O-O 7. a3 Be7 8. Nc3 d6 9. e4 Nc6 10. Be3 e5 11. d5 Nd4 12. Bd3 Nd7 13. Bxd4 exd4 14. Ne2 Ne5 15. Nb3 c5 16. dxc6 Nxc6 17. O-O Bf6 18. Qd2 Rc8 19. Rac1 Re8 20. Rfe1 g6 21. Na1 Ne5 22. f3 Bg5 23. f4 Nxd3 24. Qxd3 Bxe4 25. Qxd4 Bf6 26. Qd2 b5 27. Nc3 Rxc4 28. Nc2 Qb6+ 29. Kh1 Qb7 30. Ne3 Rd4 31. Qf2 Bc6 32. Ng4 Rxe1+ 33. Rxe1 Bg7 34. Qh4 Qb6 35. f5 h5 36. Nf6+ Kh8 37. Qg5 Qd8 38. fxg6 Qxf6 39. Qxh5+ Kg8 40. Qh7+ Kf8 41. Qh3 Qd8 42. Rf1 f6 43. Ne2 Re4 44. Ng3 Re3 45. Qh7 Qe7 46. Nf5 Re1 47. Kg1 Rxf1+ 48. Kxf1 Qd7 49. Nxg7 Qxg7 50. Kf2 Qxh7 51. gxh7 Kg7 52. Kg3 0-1

[Event "South Africa"]
[Site "South Africa"]
[Date "1979.??.??"]
[Round "?"]
[White "Miles, Anthony J"]
[Black "Lein, Anatoly Y"]
[Result "1-0"]
[WhiteElo "2560"]
[BlackElo "2535"]
[PlyCount "93"]
[EventDate "1979.??.??"]
[Source "www.chesslib.no"]
[SourceDate "2004.05.04"]

1. d4 Nf6 2. c4 e6 3. Nf3 b6 4. Bf4 Bb7 5. e3 Bb4+ 6. Nfd2 O-O 7. a3 Be7 8. Nc3 c5 9. d5 exd5 10. cxd5 Bxd5 11. Nxd5 Nxd5 12. Qf3 Nc7 13. Qb7 d6 14. Ne4 Qd7 15. O-O-O Ne6 16. Qxd7 Nxd7 17. Bg3 d5 18. Rxd5 Nf6 19. Nxf6+ Bxf6 20. Ba6 Rad8 21. Rhd1 Rxd5 22. Rxd5 Rd8 23. Rxd8+ Bxd8 24. Bb8 Nc7 25. Bc4 a5 26. a4 Kf8 27. Kc2 Ke7 28. Kd3 Ne8 29. e4 Bc7 30. Bxc7 Nxc7 31. e5 h6 32. Ke4 Kf8 33. f4 Ke7 34. g3 Kf8 35. g4 Ke8 36. h4 Kf8 37. h5 Ke7 38. g5 Kf8 39. Kf5 Ke7 40. g6 fxg6+ 41. Kxg6 Kf8 42. f5 b5 43. axb5 Na8 44. e6 Nb6 45. e7+ Kxe7 46. Kxg7 Nd7 47. b6 1-0

[Event "Linares"]
[Site "Linares ESP"]
[Date "1979.??.??"]
[Round "?"]
[White "Rivas Pastor, Manuel"]
[Black "Korchnoi, Viktor L"]
[Result "1-0"]
[WhiteElo "2365"]
[BlackElo "2695"]
[PlyCount "69"]
[EventDate "1979.??.??"]
[Source "www.chesslib.no"]
[SourceDate "2004.05.04"]

1. d4 Nf6 2. c4 e6 3. Nf3 b6 4. Bf4 Bb7 5. e3 Nc6 6. Nc3 Bb4 7. Bd3 Bxc3+ 8. bxc3 Ne7 9. Qc2 Ng6 10. Bg5 Bxf3 11. gxf3 h6 12. Bxf6 Qxf6 13. f4 Nh4 14. Be2 O-O 15. Qe4 Qe7 16. Rg1 f5 17. Qc2 d6 18. O-O-O Kh8 19. Kb1 Rad8 20. Bd3 e5 21. Rg3 e4 22. Be2 c5 23. Rgg1 Rg8 24. Qa4 g5 25. fxg5 hxg5 26. Qc6 Kh7 27. Rd2 Rg7 28. Ka1 Qd7 29. Qd5 Ng6 30. dxc5 bxc5 31. Rb2 Kh6 32. f3 Re8 33. Rgb1 exf3 34. Qxf3 Nh4 35. Qh5# 1-0

[Event "Elista ol (Men)"]
[Site "Elista"]
[Date "1998.09.30"]
[Round "2"]
[White "Gretarsson, Helgi Ass"]
[Black "Kurajica, Bojan"]
[Result "1-0"]
[WhiteElo "2480"]
[BlackElo "2570"]
[PlyCount "105"]
[EventDate "1998.09.29"]
[Source "ChessBase"]
[SourceDate "1998.11.06"]

1. d4 Nf6 2. c4 e6 3. Nf3 b6 4. Bf4 Bb7 5. e3 Bb4+ 6. Nfd2 O-O 7. a3 Be7 8. Nc3 d6 9. e4 e5 10. dxe5 dxe5 11. Bxe5 Bc5 12. Bg3 Re8 13. Be2 Bd4 14. O-O Na6 15. Qc2 Nc5 16. Nb5 Nfxe4 17. Bxc7 Qd7 18. Nxd4 Nxd2 19. Qxd2 Qxc7 20. Rad1 Rad8 21. Rfe1 Re4 22. Bf3 Nb3 23. Qc3 Nxd4 24. Bxe4 Ne2+ 25. Rxe2 Rxd1+ 26. Re1 Rd8 27. Bxb7 Qxb7 28. b4 h6 29. c5 bxc5 30. Qxc5 Qe4 31. Qc1 Qd3 32. h3 Rd6 33. Re7 a6 34. Qf4 Rf6 35. Re8+ Kh7 36. Qe4+ Qxe4 37. Rxe4 Rc6 38. Re5 Rc1+ 39. Kh2 Kg6 40. Ra5 Rc6 41. Kg3 Kf6 42. Kf4 Re6 43. Rf5+ Kg6 44. Re5 Rf6+ 45. Ke3 Rd6 46. Ke4 Rd2 47. Ke3 Rd6 48. g4 Kf6 49. Ke4 Rd2 50. Ra5 Re2+ 51. Kd4 Rxf2 52. Rxa6+ Kg5 53. Ra5+ 1-0

[Event "GER-GRE"]
[Site "Fuerth"]
[Date "2002.09.04"]
[Round "5"]
[White "Nikolaidis, Ioannis"]
[Black "Schmaltz, Roland"]
[Result "1/2-1/2"]
[WhiteElo "2502"]
[BlackElo "2547"]
[PlyCount "44"]
[EventDate "2002.08.31"]
[Source "ChessBase"]
[SourceDate "2002.11.12"]

1. d4 Nf6 2. c4 e6 3. Nf3 b6 4. Bf4 Bb4+ 5. Nbd2 Bb7 6. a3 Be7 7. e3 c5 8. Bd3 cxd4 9. exd4 O-O 10. O-O d5 11. Re1 Nc6 12. Rc1 dxc4 13. Nxc4 Rc8 14. h3 b5 15. Nce5 a6 16. Bc2 Nxe5 17. Bxe5 Bd5 18. Qd3 g6 19. Nh2 Nd7 20. Bf4 Bg5 21. Qe3 Bxf4 22. Qxf4 Qf6 1/2-1/2

[Event "Ch Bosnia & Herzegovina (team)"]
[Site "Vogosca (Bosnia & Herzegovina"]
[Date "2007.06.10"]
[Round "9"]
[White "Saric Ibro (BIH)"]
[Black "Savic Miodrag R (SCG)"]
[Result "1/2-1/2"]
[WhiteElo "2507"]
[BlackElo "2535"]
[PlyCount "27"]
[EventDate "2007.??.??"]
[Source "www.chesslib.no"]
[SourceDate "2004.05.04"]

1. d4 Nf6 2. c4 e6 3. Nf3 b6 4. Bf4 Bb7 5. e3 Be7 6. h3 O-O 7. Nc3 d6 8. Be2 Nbd7 9. O-O Re8 10. Bh2 Bf8 11. Qc2 c6 12. Rfd1 Qc7 13. Rac1 e5 14. b4 1/2-1/2

[Event "KB Czech Open"]
[Site "Pardubice"]
[Date "2003.07.20"]
[Round "3"]
[White "Neverov, Valeriy"]
[Black "Cvek, Robert"]
[Result "1/2-1/2"]
[WhiteElo "2566"]
[BlackElo "2471"]
[PlyCount "44"]
[EventDate "2003.07.18"]
[Source "Roberto Alvarez"]
[SourceDate "2003.07.21"]

1. d4 Nf6 2. c4 e6 3. Nf3 b6 4. Bf4 Bb7 5. Nc3 Bb4 6. Qb3 Bxc3+ 7. Qxc3 O-O 8. Rd1 d6 9. g3 Nbd7 10. Bg2 h6 11. O-O a5 12. b3 Be4 13. Rfe1 Re8 14. Bc1 Qb8 15. Bh3 Bh7 16. d5 e5 17. Nh4 Nc5 18. a4 Nfe4 19. Qb2 Qd8 20. f3 Ng5 21. Bg4 g6 22. e4 f5 1/2-1/2

[Event "TCh-CZE Extraliga 2003-4"]
[Site "Czech Rep"]
[Date "2004.02.08"]
[Round "7"]
[White "Meduna, Eduard"]
[Black "Hracek, Zbynek"]
[Result "1/2-1/2"]
[WhiteElo "2432"]
[BlackElo "2599"]
[PlyCount "50"]
[EventDate "2004.01.08"]
[Source "Roberto Alvarez"]
[SourceDate "2004.04.05"]

1. d4 Nf6 2. c4 e6 3. Nf3 b6 4. Bf4 Bb4+ 5. Nbd2 Bb7 6. a3 Be7 7. h3 O-O 8. e3 c5 9. dxc5 bxc5 10. Bd3 d6 11. O-O a5 12. Qc2 Nbd7 13. Ng5 g6 14. Nge4 Qb6 15. Rfd1 d5 16. cxd5 exd5 17. Nxf6+ Bxf6 18. Rab1 Ne5 19. Bf1 Rfe8 20. a4 Nc6 21. Qc1 Nb4 22. Nc4 Qc6 23. Nd6 Re7 24. Bb5 Qb6 25. Nxb7 Rxb7 1/2-1/2

[Event "CZE-chT 0102"]
[Site "?"]
[Date "2002.04.06"]
[Round "10"]
[White "Meduna Eduard"]
[Black "Babula Vlastimil"]
[Result "1/2-1/2"]
[WhiteElo "2474"]
[BlackElo "2551"]
[PlyCount "109"]
[EventDate "2002.??.??"]
[Source "www.chesslib.no"]
[SourceDate "2004.05.04"]

1. d4 Nf6 2. c4 e6 3. Nf3 b6 4. Bf4 Bb7 5. e3 Bb4+ 6. Nfd2 O-O 7. a3 Be7 8. Nc3 d5 9. cxd5 exd5 10. Bd3 a6 11. O-O Nbd7 12. Qf3 c5 13. Rfd1 Re8 14. Bc2 cxd4 15. exd4 b5 16. b4 Nb6 17. Nb3 Nc4 18. Nc5 Bc6 19. h3 Qc8 20. Bg5 Bxc5 21. bxc5 Ne4 22. Bxe4 Rxe4 23. Nxe4 dxe4 24. Qg3 Bd5 25. Bh6 g6 26. Rab1 f6 27. a4 bxa4 28. Rb4 a3 29. Qc3 Qe6 30. Rc1 a2 31. Ra4 g5 32. Rxa2 Kf7 33. Ra4 e3 34. Qd3 f5 35. Raxc4 e2 36. Rb4 e1=Q+ 37. Rxe1 Qxe1+ 38. Kh2 Qxf2 39. Rb2 Qf4+ 40. g3 Qe4 41. Qxe4 fxe4 42. Bxg5 a5 43. c6 Bxc6 44. Rc2 Bd5 45. Rc3 a4 46. Bc1 Ke6 47. Kg1 Rf8 48. g4 Rf3 49. Rxf3 exf3 50. Kf2 Be4 51. h4 Kd5 52. h5 Kc4 53. g5 Kb3 54. g6 hxg6 55. hxg6 1/2-1/2

[Event "Reykjavik blind final"]
[Site "Reykjavik"]
[Date "1997.??.??"]
[Round "8"]
[White "Gretarsson, Helgi Ass"]
[Black "Stefansson, Hannes"]
[Result "0-1"]
[WhiteElo "2475"]
[BlackElo "2545"]
[PlyCount "78"]
[EventDate "1997.??.??"]
[Source "www.chesslib.no"]
[SourceDate "2004.05.04"]

1. d4 Nf6 2. c4 e6 3. Nf3 b6 4. Bf4 Bb7 5. e3 Be7 6. h3 O-O 7. Nc3 c5 8. d5 d6 9. e4 exd5 10. cxd5 Na6 11. Be2 Nc7 12. Nd2 Nfe8 13. O-O f5 14. exf5 Rxf5 15. Bg3 Nxd5 16. Qb3 Kh8 17. Bd3 Nxc3 18. Bxf5 Ne2+ 19. Kh2 d5 20. Bg4 Nxg3 21. fxg3 Nf6 22. Be6 Bd6 23. Rf5 Qe7 24. Re1 Re8 25. Rff1 Qc7 26. Re3 c4 27. Qc3 Bc5 28. Re2 b5 29. Qf3 d4 30. Qf5 Qc6 31. Rff2 d3 32. Re1 Bxf2 33. Qxf2 Rxe6 34. Rxe6 Qxe6 35. Qxa7 Qc6 36. Qb8+ Ne8 37. Nf3 Kg8 38. Qd8 h6 39. Kg1 Qe6 0-1

[Event "Hastings (open)"]
[Site "?"]
[Date "1996.??.??"]
[Round "?"]
[White "Plaskett, J."]
[Black "Solozhenkin, E."]
[Result "1-0"]
[WhiteElo "2455"]
[BlackElo "2565"]
[PlyCount "85"]
[EventDate "1996.??.??"]
[Source "ChessBase"]
[SourceDate "1996.10.01"]

1. d4 Nf6 2. c4 e6 3. Nf3 b6 4. Bf4 Bb7 5. e3 Bb4+ 6. Nfd2 O-O 7. Bd3 d5 8. O-O c5 9. dxc5 Bxc5 10. Nb3 Be7 11. Nc3 Nc6 12. cxd5 Nxd5 13. Nxd5 Qxd5 14. e4 Qd7 15. Qe2 e5 16. Bg3 a5 17. a4 Nb4 18. Bb5 Qe6 19. Bc4 Ba6 20. Nd2 Bg5 21. Bxa6 Nxa6 22. Nc4 f6 23. Rfd1 Rfc8 24. b3 Rc6 25. h4 Bf4 26. Bxf4 exf4 27. Qf3 Nc5 28. e5 Rf8 29. Rd6 Rxd6 30. exd6 Nxa4 31. Qc6 Nc3 32. Nxb6 Qe5 33. Rf1 Kh8 34. d7 Ne2+ 35. Kh1 Qh5 36. Qf3 Qxh4+ 37. Qh3 Qg5 38. Re1 Qe5 39. Rd1 Nd4 40. Qd3 Qh5+ 41. Kg1 Ne2+ 42. Kf1 f3 43. Qxf3 1-0

[Event "Rilton Cup 9899"]
[Site "Stockholm"]
[Date "1998.12.31"]
[Round "4"]
[White "Gretarsson, Helgi Ass"]
[Black "Stefansson, Hannes"]
[Result "1/2-1/2"]
[WhiteElo "2480"]
[BlackElo "2535"]
[PlyCount "31"]
[EventDate "1998.12.??"]
[Source "ChessBase"]
[SourceDate "1999.03.01"]

1. d4 Nf6 2. c4 e6 3. Nf3 b6 4. Bf4 Bb7 5. e3 Be7 6. h3 c5 7. Nc3 cxd4 8. Nxd4 a6 9. Be2 O-O 10. Bf3 Ra7 11. Qa4 Bxf3 12. Nxf3 d6 13. O-O Qc8 14. Rfd1 Rd8 15. Rd2 Rc7 16. Qd1 1/2-1/2

[Event "Manila ol (Men)"]
[Site "Manila PHI"]
[Date "1992.??.??"]
[Round "?"]
[White "Rivas Pastor, Manuel"]
[Black "Campos Moreno, Javier B"]
[Result "1/2-1/2"]
[WhiteElo "2505"]
[BlackElo "2505"]
[PlyCount "72"]
[EventDate "1992.06.??"]
[Source "www.chesslib.no"]
[SourceDate "2004.05.04"]

1. d4 Nf6 2. c4 e6 3. Nf3 b6 4. Bf4 Bb7 5. e3 Bb4+ 6. Nbd2 O-O 7. h3 d5 8. Rc1 Bd6 9. c5 bxc5 10. dxc5 Bxf4 11. exf4 Ne4 12. Qb3 Nxd2 13. Nxd2 Bc6 14. Qc3 d4 15. Qg3 Qd5 16. b4 a6 17. a4 Bxa4 18. Bc4 Qd8 19. O-O Nc6 20. Qf3 Rb8 21. Ra1 Rxb4 22. Rxa4 Rxa4 23. Qxc6 Ra3 24. Rb1 Rc3 25. Qxa6 Qa8 26. Nf3 Qxa6 27. Bxa6 Rd8 28. Nxd4 g5 29. Be2 gxf4 30. Kh2 e5 31. Nb5 Rd1 32. Nxc3 Rd2 33. Bc4 Rxf2 34. Ne4 Rc2 35. Bb5 Kg7 36. Rd1 h5 1/2-1/2

[Event "Buenos Aires ol (Men)"]
[Site "Buenos Aires ARG"]
[Date "1978.??.??"]
[Round "3"]
[White "Ree, Hans"]
[Black "Csom, Istvan"]
[Result "1/2-1/2"]
[WhiteElo "2500"]
[BlackElo "2510"]
[PlyCount "42"]
[EventDate "1978.10.25"]
[Source "www.chesslib.no"]
[SourceDate "2004.05.04"]

1. d4 Nf6 2. c4 e6 3. Nf3 b6 4. Bf4 Bb7 5. e3 Nh5 6. Bg3 Be7 7. Nc3 d6 8. Bd3 Nd7 9. Qe2 g6 10. e4 c5 11. dxc5 bxc5 12. Bc2 Qb6 13. Ba4 Rd8 14. O-O-O O-O 15. Bh4 Bxh4 16. Nxh4 Ne5 17. g3 Qb4 18. Qd2 a6 19. Rhe1 Rb8 20. Kc2 Rfd8 21. f4 Nc6 1/2-1/2

[Event "Karlovac"]
[Site "?"]
[Date "1979.??.??"]
[Round "5"]
[White "Rodriguez Vargas Orestes"]
[Black "Kurajica Bojan"]
[Result "0-1"]
[WhiteElo "2495"]
[BlackElo "2515"]
[PlyCount "48"]
[EventDate "1979.??.??"]
[Source "www.chesslib.no"]
[SourceDate "2004.05.04"]

1. d4 Nf6 2. c4 e6 3. Nf3 b6 4. Bf4 Bb7 5. e3 Bb4+ 6. Nfd2 O-O 7. a3 Bxd2+ 8. Nxd2 d6 9. Nf3 Nbd7 10. Be2 Ne4 11. Bd3 f5 12. h3 Qe7 13. Qe2 e5 14. Bh2 Ng5 15. dxe5 Nxf3+ 16. gxf3 dxe5 17. O-O-O Nc5 18. Bc2 a5 19. Rhg1 a4 20. h4 Qe6 21. h5 Rae8 22. Rg5 Re7 23. Kb1 Ba6 24. Rd5 Qxd5 0-1

[Event "Pardubice Czech op"]
[Site "Pardubice"]
[Date "2002.07.21"]
[Round "3"]
[White "Shushpanov, Vladimir"]
[Black "Hracek, Zbynek"]
[Result "1/2-1/2"]
[WhiteElo "2409"]
[BlackElo "2600"]
[PlyCount "55"]
[EventDate "2002.07.19"]
[Source "ChessBase"]
[SourceDate "2002.09.11"]

1. d4 Nf6 2. c4 e6 3. Nf3 b6 4. Bf4 Bb7 5. e3 Be7 6. h3 c5 7. dxc5 bxc5 8. Nc3 O-O 9. Be2 Qb6 10. Qc2 Nc6 11. O-O Rfd8 12. Rfd1 Rac8 13. Rac1 a6 14. Rd2 d5 15. cxd5 exd5 16. Bg5 d4 17. Na4 Qa5 18. a3 dxe3 19. Rxd8+ Qxd8 20. fxe3 Nd5 21. Bxe7 Ncxe7 22. Qb3 Bc6 23. Nxc5 Rb8 24. Qd3 Rxb2 25. Nd4 Ba8 26. Nxa6 g6 27. Bf3 Nf6 28. Qc3 1/2-1/2

[Event "Malaga"]
[Site "Malaga"]
[Date "1981.??.??"]
[Round "6"]
[White "Rivas Pastor, Manuel"]
[Black "Ivkov, Borislav"]
[Result "0-1"]
[WhiteElo "2460"]
[BlackElo "2540"]
[PlyCount "88"]
[EventDate "1981.04.??"]
[Source "ChessBase"]

1. d4 Nf6 2. c4 e6 3. Nf3 b6 4. Bf4 Bb7 5. e3 Be7 6. h3 O-O 7. Nc3 d5 8. cxd5 exd5 9. Bd3 c5 10. O-O Nbd7 11. Rc1 Ne4 12. Qc2 Ndf6 13. dxc5 Bxc5 14. Be5 Qe7 15. Bd4 Rac8 16. Qa4 a6 17. Rfd1 Rfe8 18. Bb1 Bxd4 19. Qxd4 Nxc3 20. Rxc3 Rxc3 21. Qxc3 Qc5 22. Qxc5 bxc5 23. Rc1 Rc8 24. Bf5 Rc7 25. Nd4 g6 26. Bg4 Kf8 27. Nb3 c4 28. Nd4 Ke7 29. Bf3 Kd6 30. Rc3 Nd7 31. g4 h6 32. Kg2 Nc5 33. Kg3 Bc8 34. b3 cxb3 35. axb3 Ne4+ 36. Bxe4 Rxc3 37. Bf3 Kc5 38. h4 g5 39. hxg5 hxg5 40. Be2 Kb4 41. Bf3 Be6 42. Be2 a5 43. Kg2 Rxb3 44. Nc6+ Kc5 0-1

[Event "HUN-ch"]
[Site "HUN"]
[Date "1984.??.??"]
[Round "1"]
[White "Groszpeter, Attila"]
[Black "Csom, Istvan"]
[Result "1-0"]
[WhiteElo "2490"]
[BlackElo "2505"]
[PlyCount "81"]
[EventDate "1984.03.??"]
[Source "ChessBase"]

1. d4 Nf6 2. c4 e6 3. Nf3 b6 4. Bf4 Bb4+ 5. Nbd2 Bb7 6. g3 Nc6 7. a3 Bxd2+ 8. Qxd2 d6 9. Bg2 Ne7 10. O-O h6 11. Rfe1 Qd7 12. Rad1 Be4 13. Qc3 Qc6 14. Bc1 O-O 15. Nh4 d5 16. Qb4 a5 17. cxd5 exd5 18. Qc3 Qxc3 19. bxc3 Bxg2 20. Nxg2 Ne4 21. Rd3 a4 22. f3 Nd6 23. e4 Rfe8 24. g4 c6 25. e5 Nc4 26. f4 Ra5 27. f5 Rb5 28. f6 Ng6 29. fxg7 Kxg7 30. Rf3 Rb3 31. Ref1 Rf8 32. h4 Nxa3 33. Rf6 Nb5 34. h5 Rxc3 35. hxg6 Nxd4 36. Bb2 Ne2+ 37. Kh2 Rc2 38. Rxf7+ Rxf7 39. gxf7 Kf8 40. e6 Nf4 41. Rxf4 1-0

[Event "HUN-ch"]
[Site "HUN"]
[Date "1991.??.??"]
[Round "8"]
[White "Groszpeter, Attila"]
[Black "Farago, Ivan"]
[Result "1-0"]
[WhiteElo "2480"]
[BlackElo "2515"]
[PlyCount "85"]
[EventDate "1991.12.??"]
[Source "ChessBase"]

1. d4 Nf6 2. c4 e6 3. Nf3 b6 4. Bf4 Bb4+ 5. Nc3 Bb7 6. Qb3 a5 7. e3 d6 8. Be2 Ne4 9. O-O Bxc3 10. bxc3 Nd7 11. c5 g5 12. Bg3 g4 13. Nh4 Nd2 14. Qa4 Nxf1 15. Rxf1 Ba6 16. Bxa6 Rxa6 17. cxd6 cxd6 18. d5 b5 19. Qxb5 Rb6 20. Qc4 Ne5 21. Bxe5 dxe5 22. dxe6 Rxe6 23. Nf5 O-O 24. Qxg4+ Rg6 25. Qe4 Qc7 26. c4 Re8 27. Rd1 Kh8 28. g3 Rc6 29. Qh4 f6 30. c5 Rf8 31. Qh6 Kg8 32. Rd5 Qf7 33. e4 Rc7 34. Qd2 Kh8 35. Qxa5 Ra7 36. Qd2 Qb7 37. Kg2 Qb1 38. Rd8 Ra8 39. Rxf8+ Rxf8 40. Nd6 Kg8 41. Qd5+ Kh8 42. Qe6 Qc2 43. c6 1-0

[Event "Schahin Cury"]
[Site "Americana"]
[Date "1997.??.??"]
[Round "8"]
[White "Vescovi, Giovanni P"]
[Black "Leitao, Rafael"]
[Result "1/2-1/2"]
[WhiteElo "2480"]
[BlackElo "2515"]
[PlyCount "35"]
[EventDate "1997.07.08"]
[Source "ChessBase"]
[SourceDate "1997.11.23"]

1. d4 Nf6 2. c4 e6 3. Nf3 b6 4. Bf4 Bb7 5. e3 Be7 6. h3 O-O 7. Be2 d5 8. Nbd2 c5 9. O-O cxd4 10. Nxd4 Nbd7 11. Bh2 Nc5 12. cxd5 Qxd5 13. Bf3 Nce4 14. Nxe4 Nxe4 15. Qa4 Rfc8 16. Rac1 a6 17. Rcd1 b5 18. Nxb5 1/2-1/2

[Event "CZE-ch"]
[Site "Zlin"]
[Date "1997.06.??"]
[Round "7"]
[White "Meduna, Eduard"]
[Black "Votava, Jan"]
[Result "1/2-1/2"]
[WhiteElo "2460"]
[BlackElo "2530"]
[PlyCount "72"]
[EventDate "1997.06.12"]
[Source "ChessBase"]
[SourceDate "1997.11.23"]

1. d4 Nf6 2. c4 e6 3. Nf3 b6 4. Bf4 Bb7 5. e3 d5 6. Nc3 Bd6 7. Bg3 O-O 8. cxd5 exd5 9. Rc1 a6 10. Bd3 Re8 11. O-O Bxg3 12. hxg3 Nbd7 13. b4 c6 14. a4 g6 15. Re1 a5 16. bxa5 Rxa5 17. Rb1 Ba6 18. Bxa6 Rxa6 19. Qc2 Qa8 20. Rec1 Kg7 21. Qb2 h6 22. Qc2 Ng4 23. Qe2 h5 24. Rb2 Ra5 25. Rbc2 Ndf6 26. Rb2 Qd8 27. Ng5 Ng8 28. Nf3 Ne7 29. e4 dxe4 30. Qxe4 Nd5 31. Qd3 Re6 32. Nxd5 Rxd5 33. Re2 Rf6 34. Qb3 b5 35. axb5 Rxb5 36. Qa2 Qd5 1/2-1/2

[Event "Baile Herculane zt"]
[Site "Baile Herculane"]
[Date "1982.??.??"]
[Round "11"]
[White "Meduna, Eduard"]
[Black "Inkiov, Ventzislav"]
[Result "1-0"]
[WhiteElo "2490"]
[BlackElo "2495"]
[PlyCount "69"]
[EventDate "1982.01.??"]
[Source "ChessBase"]

1. d4 Nf6 2. c4 e6 3. Nf3 b6 4. Bf4 Bb7 5. e3 Bb4+ 6. Nfd2 O-O 7. a3 Be7 8. Nc3 c5 9. d5 d6 10. e4 e5 11. Be3 Bc8 12. Be2 Ne8 13. Bg4 Nd7 14. h4 a6 15. Qe2 Rb8 16. a4 Nc7 17. g3 Re8 18. Kf1 Nf6 19. Bxc8 Qxc8 20. Kg2 Qd7 21. Bg5 Ng4 22. Nf1 f6 23. Bd2 f5 24. f3 Nf6 25. exf5 Qxf5 26. g4 Qg6 27. h5 Qf7 28. Ng3 Nd7 29. Nf5 Nf6 30. Ne4 Nxe4 31. fxe4 Bf8 32. g5 b5 33. g6 hxg6 34. hxg6 Qxg6+ 35. Kf2 1-0